Chaos theory tamed /

Guardado en:
Autor Principal: Williams, Garnett P.
Formato: Libro
Idioma:English
Publicado: Washington, D.C. : Joseph Henry Press, 1997.
Materias:
Etiquetas: Agregar Etiqueta
Sin Etiquetas, Sea el primero en etiquetar este registro!
LEADER 00746cam a2200229 a 4500
001 MAT.inmabb006868
008 970708s1997####dcua#####b####001#0#eng#d
005 20150624191056.0
245 1 0 |a Chaos theory tamed /  |c Garnett P. Williams. 
260 |a Washington, D.C. :  |b Joseph Henry Press,  |c 1997. 
300 |a xvii, 499 p. :  |b il. ;  |c 24 cm. 
504 |a Incluye referencias bibliográficas (p. 473-485) e índice. 
510 4 |a MR,  |c 2002j:37001 
020 |a 0309063515 
020 |a 0748407499 
020 |a 9780748407491 
100 1 |a Williams, Garnett P. 
650 0 |a Chaotic behavior in systems. 
084 |a 37-01 (37D45 37M10 37Nxx)  |2 msc2000 
010 |a  97073862  
040 |a NvNolC  |c NvNolC  |d DLC 
859 |h 37  |i W721  |p A-8887  |b BIB. MATEMATICA